00286nam a2200121Ia 4500008004100000082001700041100001200058245001700070260003700087365000600124630001700130730001700147100415s9999 xx 000 0 und d b11994a059.2 aRoger,H aAll About Pr aEVANSTONc1984bMigrow Hill Book b0 aAll About Pr aAll About Pr